Cicerón, un alma ardiente

Gardado en:
Detalles Bibliográficos
Autor Principal: Arbea, Antonio (Author)
Outros autores: Grammatico Amari, Giuseppina (autora), Herrera Cajas, Héctor Enrique (autor)
Formato: Libro
Idioma:Lingua castelá
Publicado: Santiago Universidad Metropolitana de Ciencias de la Educación 1994
Edición:1a. ed
Series:ITER Ensayos
Subjects:
Tags: Engadir etiqueta
Sen Etiquetas, Sexa o primeiro en etiquetar este rexistro!

MARC

LEADER 00000nam a2200000 a 4500
001 UCY8689
003 CL-VaPUC
008 950707e19940000CL |||||||||||||||||spa|d
020 |a 9567062048 
082 0 4 |a 875.9  |b ARB  |2 21 
100 0 |a Arbea, Antonio  |e author  |9 340323 
700 |a Grammatico Amari, Giuseppina  |e autora  |9 746748 
700 |a Herrera Cajas, Héctor Enrique   |e autor  |9 888385 
245 1 0 |a Cicerón, un alma ardiente 
250 |a 1a. ed 
300 |a 350 p 
942 |c BK 
945 |d 19950707 00:00:00  |a rbrito 
260 |a Santiago  |b Universidad Metropolitana de Ciencias de la Educación  |c 1994 
600 0 |a Cicerón, Marco Tulio  |e autor  |9 255203 
650 0 |a Literatura latina   |9 258055 
650 0 |a Filología clásica   |9 269285 
650 0 |a Oratoria latina  |9 266621 
583 |a last modification  |c 19950707 00:00:00  |k Rodrigo Vera 
490 0 |a ITER Ensayos 
999 |c 235910  |d 235908 
952 |0 0  |1 0  |4 0  |6 875_900000000000000_ARB_1994  |7 0  |8 A  |9 243637  |a BIBEDU  |b BIBEDU  |d 2019-11-18  |i 3102599  |o 875.9 ARB 1994  |p 3102599  |r 2019-11-18  |w 2019-11-18  |y BK  |k FIL 
952 |0 0  |1 0  |4 0  |6 875_900000000000000_ARB_1994  |7 0  |8 DER_ROM  |9 243638  |a BIBDER  |b BIBDER  |d 2019-11-18  |i 3102580  |l 1  |o 875.9 ARB 1994  |p 3102580  |r 2023-01-25  |s 2020-03-16  |w 2019-11-18  |x Ubicación 4to piso  |y BK  |z Este recurso debe solicitarse con anticipación  |k DER 
952 |0 0  |1 0  |4 0  |6 875_900000000000000_ARB_1994  |7 0  |8 A  |9 243639  |a BIBEDU  |b BIBEDU  |d 2019-11-18  |i 3102572  |o 875.9 ARB 1994  |p 3102572  |r 2019-11-18  |w 2019-11-18  |y BK  |k LIT 
952 |0 0  |1 0  |4 0  |6 875_900000000000000_ARB_1994  |7 0  |8 A  |9 243640  |a BIBHIS  |b BIBHIS  |d 2019-11-18  |i 3102564  |o 875.9 ARB 1994  |p 3102564  |r 2025-01-20  |w 2019-11-18  |y BK  |k HIS 
952 |0 0  |1 0  |4 0  |6 875_900000000000000_ARB_1994  |7 0  |8 A  |9 243641  |a BIBEDU  |b BIBEDU  |d 2019-11-18  |i 3101029  |o 875.9 ARB 1994  |p 3101029  |r 2019-11-18  |w 2019-11-18  |y BK  |k LIT 
952 |0 0  |1 0  |4 0  |6 875_900000000000000_ARB_1994  |7 0  |8 A  |9 243642  |a BIBCUR  |b BIBCUR  |d 2019-11-18  |i 3109224  |l 1  |o 875.9 ARB 1994  |p 3109224  |r 2025-04-22  |s 2023-03-20  |w 2019-11-18  |y BK  |k PER 
952 |0 0  |1 0  |4 0  |6 875_900000000000000_ARB_1994  |7 0  |8 A  |9 243643  |a BIBHIS  |b BIBHIS  |d 2019-11-18  |i 3173372  |l 2  |o 875.9 ARB 1994  |p 3173372  |r 2025-01-20  |s 2023-06-23  |w 2019-11-18  |y BK  |k HIS 
952 |0 0  |1 0  |4 0  |6 875_900000000000000_ARB_1994  |7 0  |8 A  |9 243645  |a BIBEDU  |b BIBEDU  |d 2019-11-18  |i 3578968  |o 875.9 ARB 1994  |p 3578968  |r 2019-11-18  |w 2019-11-18  |y BK  |k BME 
952 |0 0  |1 0  |4 0  |6 875_900000000000000_ARB_1994  |7 0  |8 A  |9 243646  |a BIBDER  |b BIBDER  |d 2019-11-18  |i 3764095  |o 875.9 ARB 1994  |p 3764095  |r 2023-01-25  |w 2019-11-18  |y BK  |k DER